Dark Deception Enemies - Statistics

General Stats
  • This quiz has been taken 25 times
    12 since last reset
  • The average score is 19 of 44
Answer Stats
Hint Answer % Correct
Monkey Business Chef Monkey
100%
Monkey Business Murder Monkey
100%
Monkey Business Nightmare Murder Monkey
100%
Bearly Buried Mama Bear
80%
Elementary Evil Agatha
60%
Fear Fortress Agatha
60%
Crazy Carnevil Clown Car
60%
Stranger Sewers Doom Ducky
60%
Stranger Sewers Dread Ducky
60%
Fear Fortress Final Lucky the Rabbit
60%
Deadly Decadence Gold Watcher
60%
Crazy Carnevil Goliath Clown
60%
Mascot Mayhem Hangry the Pig
60%
Mascot Mayhem Lucky the Rabbit
60%
Unconfirmed Level Mecha Monkey
60%
Elementary Evil Nightmare Agatha
60%
Stranger Sewers Nightmare Dread Ducky
60%
Deadly Decadence Nightmare Gold Watcher
60%
Mascot Mayhem Nightmare Hangry the Pig
60%
Mascot Mayhem Nightmare Lucky the Rabbit
60%
Mascot Mayhem Nightmare Penny the Chicken
60%
Torment Therapy Nightmare Reaper Nurse
60%
Mascot Mayhem Penny the Chicken
60%
Torment Therapy Reaper Nurse
60%
Crazy Carnevil Clown Gremlin
40%
Mascot Mayhem Joy Kill
40%
Fear Fortress Malak
40%
Crazy Carnevil Nightmare Clown Gremlin
40%
Torment Therapy The Matron
40%
Deadly Decadence Titan Watcher
40%
Prison Panic Dark Star
20%
Wicked Ways Helen Bierce
20%
Bearly Buried Nightmare Trigger Teddy
20%
Holiday Horror Puppet King
20%
Holiday Horror Red Stalker
20%
Bearly Buried Trigger Teddy
20%
Mascot Mayhem Joy Joy Gang Clones
0%
Fear Fortress Pillar Demon
0%
Prison Panic Star Army
0%
Wicked Ways The Blob
0%
Unconfirmed Level The Demon God
0%
Fear Fortress Unknown Monster
0%
Prison Panic Unknown Monster 3
0%
Prison Panic Unknown Monster 4
0%
No matching quizzes found
Score Distribution
Percent of People with Each Score
Percentile by Number Answered
Your Score History
You have not taken this quiz since the last reset